Loading...
| History - European History | 1 | 5 | 0 | 1 | 65 | 52 | 103.67 | 1 | 5 |
| History - American History | 1 | 3 | 0 | 0 | 45 | 17 | 77.25 | 2 | 4 |
| History - World History | 0 | 4 | 0 | 0 | 40 | 62 | 89.25 | 0 | 4 |
| History - Other History | 2 | 1 | 0 | 0 | 40 | 37 | 68.67 | 3 | 3 |
| Auditory Arts | 0 | 3 | 0 | 0 | 30 | 82 | 101.67 | 0 | 3 |
| Science - Other Science | 0 | 2 | 1 | 1 | 15 | 72 | 88.00 | 0 | 2 |
| History - Ancient History | 0 | 1 | 0 | 0 | 10 | 122 | 122.00 | 0 | 1 |
| Social Science | 0 | 1 | 0 | 0 | 10 | 77 | 77.00 | 0 | 1 |
| Philosophy | 0 | 1 | 0 | 0 | 10 | 78 | 78.00 | 0 | 1 |
| Science - Biology | 0 | 1 | 0 | 0 | 10 | 86 | 86.00 | 0 | 1 |
| Science - Chemistry | 0 | 1 | 0 | 0 | 10 | 100 | 100.00 | 0 | 1 |
| Geography | 0 | 1 | 0 | 0 | 10 | 63 | 63.00 | 1 | 1 |
| Literature - World Literature | 0 | 1 | 0 | 0 | 10 | 146 | 146.00 | 0 | 1 |
| Current Events | 0 | 1 | 1 | 0 | 5 | 124 | 124.00 | 0 | 0 |
| Beliefs | 0 | 1 | 1 | 1 | 5 | 125 | 125.00 | 0 | 1 |
| Science - Physics | 0 | 1 | 2 | 0 | 0 | 96 | 96.00 | 0 | 1 |
| Fine Arts - Other Arts | 0 | 0 | 1 | 0 | -5 | 0.00 | 0 | 0 |